000 00642nam a22002417a 4500
003 UA-OsUOA
001 95119
007 ta
008 20130225b un ||||| |||| 00| 0 ukr d
100 _aИвашкевич И.
090 _a821.162.1
_bИ24
942 _cBK
040 _aUA-OsUOA
_brus
_cUA-OsUOA
_dUA-OsUOA
245 _aСочинения в трех томах
_b1
_cСтихотворения
300 _a510 с.
_bІлюстрації
955 _a3
041 _arus
080 _a821.162.1
260 _aМ.
_bХудожественная литература
_c1988
044 _aRU
650 7 _2UDC
999 _c381363
_d381363